| 000 -LEADER |
| fixed length control field |
02518cam a22004338i 4500 |
| 001 - CONTROL NUMBER |
| control field |
21799024 |
| 003 - CONTROL NUMBER IDENTIFIER |
| control field |
NUST |
| 005 - DATE AND TIME OF LATEST TRANSACTION |
| control field |
20220825121205.0 |
| 008 - FIXED-LENGTH DATA ELEMENTS--GENERAL INFORMATION |
| fixed length control field |
201019s2021 nju 001 0 eng c |
| 010 ## - LIBRARY OF CONGRESS CONTROL NUMBER |
| LC control number |
2020043558 |
| 020 ## - INTERNATIONAL STANDARD BOOK NUMBER |
| International Standard Book Number |
9781119750765 |
| Qualifying information |
(cloth) |
| 020 ## - INTERNATIONAL STANDARD BOOK NUMBER |
| Canceled/invalid ISBN |
9781119750833 |
| Qualifying information |
(adobe pdf) |
| 020 ## - INTERNATIONAL STANDARD BOOK NUMBER |
| Canceled/invalid ISBN |
9781119750826 |
| Qualifying information |
(epub) |
| 038 ## - RECORD CONTENT LICENSOR |
| Staff Name |
Azhar |
| 040 ## - CATALOGING SOURCE |
| Original cataloging agency |
MdU/DLC |
| Language of cataloging |
eng |
| Description conventions |
rda |
| Transcribing agency |
MdU |
| 042 ## - AUTHENTICATION CODE |
| Authentication code |
pcc |
| 050 00 - LIBRARY OF CONGRESS CALL NUMBER |
| Classification number |
BF637.M56 |
| Item number |
S68 2021 |
| 082 00 - DEWEY DECIMAL CLASSIFICATION NUMBER |
| Classification number |
158.13 |
| Edition number |
23 |
| Author Mark |
SMI |
| 100 1# - MAIN ENTRY--PERSONAL NAME |
| Personal name |
Smith, Clif, |
| Relator term |
author. |
| 9 (RLIN) |
94993 |
| 245 10 - TITLE STATEMENT |
| Title |
Mindfulness without the bells and beads : |
| Remainder of title |
unlocking exceptional performance, leadership, and wellbeing for working professionals |
| Statement of responsibility, etc. |
Clif Smith ; foreword by Tal Goldhamer. |
| 260 ## - PUBLICATION, DISTRIBUTION, ETC. |
| Place of publication, distribution, etc. |
Hoboken, New Jersey : |
| Name of publisher, distributor, etc. |
Wiley, |
| Date of publication, distribution, etc. |
2021 |
| 263 ## - PROJECTED PUBLICATION DATE |
| Projected publication date |
2103 |
| 264 #4 - PRODUCTION, PUBLICATION, DISTRIBUTION, MANUFACTURE, AND COPYRIGHT NOTICE |
| Date of production, publication, distribution, manufacture, or copyright notice |
©2021 |
| 300 ## - PHYSICAL DESCRIPTION |
| Extent |
pages cm |
| 336 ## - CONTENT TYPE |
| Content type term |
text |
| Content type code |
txt |
| Source |
rdacontent |
| 337 ## - MEDIA TYPE |
| Media type term |
unmediated |
| Media type code |
n |
| Source |
rdamedia |
| 338 ## - CARRIER TYPE |
| Carrier type term |
volume |
| Carrier type code |
nc |
| Source |
rdacarrier |
| 500 ## - GENERAL NOTE |
| General note |
Includes index. |
| 520 ## - SUMMARY, ETC. |
| Summary, etc. |
"Mindfulness without the Bells and Beads shares the principles of the mindful leadership keynote the author has delivered to over 31,000 people and the curriculum of the 8-week mindfulness course he teaches to over 1,500 EY leaders and managers per year. Presented together for the first time, they provide a practical, demystified approach to practicing mindfulness in the context of work life and achieving improvements in leadership, wellbeing, and performance--without the beads, bells, chanting, and cushions. Mindfulness without the Bells and Beads dispels myths around what mindfulness is and isn't and why it's appropriate for the workplace. The book then illustrates the real benefits of workplace mindfulness for focus, empathy, communication, and decision-making, while reducing stress levels and self-created limitations. The author then provides the accessible 8-week program for effectively incorporating mindfulness into daily activities that has worked for thousands of corporate leaders"-- |
| Assigning source |
Provided by publisher. |
| 563 ## - BINDING INFORMATION |
| Binding note |
HB |
| 650 #0 - SUBJECT ADDED ENTRY--TOPICAL TERM |
| Topical term or geographic name entry element |
Mindfulness (Psychology). |
| 9 (RLIN) |
94994 |
| 650 #0 - SUBJECT ADDED ENTRY--TOPICAL TERM |
| Topical term or geographic name entry element |
Employee health promotion. |
| 9 (RLIN) |
94995 |
| 650 #0 - SUBJECT ADDED ENTRY--TOPICAL TERM |
| Topical term or geographic name entry element |
Employees |
| General subdivision |
Coaching of. |
| 9 (RLIN) |
4010 |
| 700 1# - ADDED ENTRY--PERSONAL NAME |
| Personal name |
Goldhamer, Tal, |
| Relator term |
writer of foreword. |
| 9 (RLIN) |
94996 |
| 776 08 - ADDITIONAL PHYSICAL FORM ENTRY |
| Relationship information |
Online version: |
| Main entry heading |
Smith, Clif. |
| Title |
Mindfulness without the bells and beads |
| Place, publisher, and date of publication |
Hoboken, New Jersey : Wiley, [2021] |
| International Standard Book Number |
9781119750833 |
| Record control number |
(DLC) 2020043559 |
| 906 ## - LOCAL DATA ELEMENT F, LDF (RLIN) |
| a |
7 |
| b |
cbc |
| c |
orignew |
| d |
1 |
| e |
ecip |
| f |
20 |
| g |
y-gencatlg |
| 942 ## - ADDED ENTRY ELEMENTS (KOHA) |
| Source of classification or shelving scheme |
|
| Koha item type |
Lincoln Corner |